[Event "GER-chT Betriebe 18th"]
[Site "Altenberg Zinnwald"]
[Date "2018.11.10"]
[Round "5.1"]
[White "Kraemer, Sigfrid"]
[Black "Koerlin, Hans Juergen"]
[Result "1/2-1/2"]
[WhiteElo "2146"]
[BlackElo "1878"]
[PlyCount "51"]
[EventDate "2018.11.08"]
[EventType "team-swiss"]
[EventRounds "7"]
[EventCountry "GER"]
[SourceTitle "EXT 2020"]
[Source "ChessBase"]
[SourceDate "2019.10.17"]
[SourceVersion "1"]
[SourceVersionDate "2019.10.17"]
[SourceQuality "1"]
[WhiteTeam "Stuttgart Stern"]
[BlackTeam "Berlin Tempelhof II"]
[WhiteTeamCountry "GER"]
[BlackTeamCountry "GER"]

1. d4 Nf6 2. c4 d6 3. Nc3 e5 4. d5 Nbd7 5. e4 Nc5 6. Qc2 a5 7. Be3 Be7 8. Nge2 0-0 9. h3 Ne8 10. g4 Bg5 11. Qd2 Bxe3 12. Qxe3 Bd7 13. Ng3 g6 14. Be2 Qf6 15. 0-0-0 Qf4 16. Qxf4 exf4 17. Nf1 Nf6 18. Bd3 Rfb8 19. Bb1 b5 20. Nd2 a4 21. Rhe1 b4 22. Ne2 g5 23. Nd4 Re8 24. Re2 Kg7 25. Rde1 h5 26. f3 1/2-1/2

[Event "GER-chT Betriebe 18th"]
[Site "Altenberg Zinnwald"]
[Date "2018.11.08"]
[Round "1.1"]
[White "Kraemer, Sigfrid"]
[Black "Jordan, Dirk"]
[Result "1/2-1/2"]
[WhiteElo "2146"]
[BlackElo "2188"]
[PlyCount "33"]
[EventDate "2018.11.08"]
[EventType "team-swiss"]
[EventRounds "7"]
[EventCountry "GER"]
[SourceTitle "EXT 2020"]
[Source "ChessBase"]
[SourceDate "2019.10.17"]
[SourceVersion "1"]
[SourceVersionDate "2019.10.17"]
[SourceQuality "1"]
[WhiteTeam "Stuttgart Stern"]
[BlackTeam "Dresden Schachfestival"]
[WhiteTeamCountry "GER"]
[BlackTeamCountry "GER"]

1. d4 d5 2. c4 c6 3. Nf3 Nf6 4. e3 a6 5. Nc3 Bf5 6. cxd5 cxd5 7. Bd3 Bxd3 8. Qxd3 e6 9. Ne5 Be7 10. 0-0 0-0 11. Bd2 Nbd7 12. Nxd7 Qxd7 13. Rac1 b5 14. a3 Rac8 15. Rc2 Rc7 16. Rfc1 Rfc8 17. Na2 1/2-1/2